[Event "74th Tata Steel GMA"]
[Site "Wijk aan Zee NED"]
[Date "2012.01.17"]
[Round "4"]
[White "Topalov, Veselin"]
[Black "Gashimov, Vugar"]
[Result "1/2-1/2"]
[WhiteElo "2770"]
[BlackElo "2761"]
[PlyCount "110"]
[EventDate "2012.01.14"]

1. d4 d5 2. c4 c6 3. Nf3 Nf6 4. Nc3 dxc4 5. a4 e6 6. e3 c5 7. Bxc4 cxd4 8. exd4
Nc6 9. O-O Be7 10. Qe2 O-O 11. Rd1 Nb4 12. Bg5 Bd7 13. d5 exd5 14. Nxd5 Nbxd5
15. Bxd5 Nxd5 16. Rxd5 Bxg5 17. Nxg5 h6 18. Qd2 hxg5 19. Rxd7 Qf6 20. Rxb7 Rab8
$146 ({RR} 20... Rfd8 21. Qe3 Re8 22. Qf3 Qxf3 {1/2-1/2 (22) Renet,O (2512)
-Rausis,I (2480) France 2009}) ({RR} 20... Rfd8 21. Qa5 a6 22. h3 Rd6 23. Qb4
Rad8 24. Rb8 Rxb8 25. Qxb8+ Kh7 26. Rb1 Rd2 27. Qg3 Qf5 28. Re1 Rxb2 29. Re5 {
1/2-1/2 (29) Rodshtein,M (2645)-Hansen,S (2566) Porto Carras GRE 2011}) ({RR} 
20... Rfd8 21. Qe3 Re8 22. Qb3 Rad8 23. Rf1 a5 24. Rb6 Qd4 25. Rb5 Qd2 26. Rb7
Re6 27. g3 Rf6 28. Qe3 Re6 29. Qf3 Rf6 30. Qg4 Re8 31. Rb5 Re1 32. Rb8+ Kh7 33.
Qh5+ Rh6 34. Qf3 Rf6 35. Qh5+ {Zhou Jianchao (2636)-Korobov,A (2671)
Khanty-Mansiysk RUS 2011 0-1 (38)}) 21. Rxb8 Rxb8 22. Rb1 Qe6 23. Qxg5 Qa2 24.
Rd1 Qxa4 25. Rd8+ Rxd8 26. Qxd8+ Kh7 27. Qd3+ g6 28. b3 Qa1+ 29. Qf1 Qd4 30. g3
Qd5 31. Qb1 a5 32. h4 Kg8 33. Qc2 Kh7 34. Kh2 Qf3 35. Kg1 Qd5 36. Kf1 Kg8 37.
Ke2 Qe5+ 38. Kf3 Qd5+ 39. Ke3 Qe5+ 40. Qe4 Qc3+ 41. Qd3 Qe5+ 42. Kf3 Qf6+ 43.
Kg2 a4 44. bxa4 Qc6+ 45. f3 Qxa4 46. Qe4 Qa2+ 47. Kh3 Qa1 48. Qc4 Kg7 49. Qd5
Qh1+ 50. Kg4 Qa1 51. Qd6 Qc3 52. Qd5 Qc8+ 53. Kf4 Qc1+ 54. Ke5 Qe1+ 55. Kf4
Qc1+ 1/2-1/2

[Event "74th Tata Steel GMA"]
[Site "Wijk aan Zee NED"]
[Date "2012.01.17"]
[Round "4"]
[White "Aronian, Levon"]
[Black "Kamsky, Gata"]
[Result "1-0"]
[WhiteElo "2805"]
[BlackElo "2732"]
[PlyCount "115"]
[EventDate "2012.01.14"]

1. Nf3 Nf6 2. c4 g6 3. Nc3 d5 4. cxd5 Nxd5 5. Qb3 Nb6 6. d4 Bg7 7. e4 O-O 8.
Be3 Bg4 9. Rd1 e6 10. Be2 Nc6 11. Ng1 Bxe2 12. Ngxe2 Qe7 13. O-O Rfd8 14. e5 h6
({RR} 14... Qb4 15. Qc2 h6 16. a3 Qc4 17. Rc1 Nd5 18. Nxd5 Qxc2 19. Nf6+ Bxf6
20. Rxc2 Bg7 21. Rfc1 Rd7 22. g4 {1/2-1/2 (22) Ponomariov,R (2744)-Vachier
Lagrave,M (2715) Wijk aan Zee NED 2011}) 15. a3 Na5 $146 ({RR} 15... Qd7 16.
Ne4 Qd5 17. Qc2 Qc4 18. N2c3 Nd5 19. b3 Qa6 20. Nc5 Qxa3 21. Nxb7 Ncb4 22. Qd2
Nxc3 23. Qxc3 Nd5 24. Qc6 Re8 25. Nc5 Qb4 26. Ra1 a5 27. Rfc1 Bf8 28. Rc4 Qb8
29. Bd2 Bxc5 30. Rxc5 {Babula,V (2566)-Fogarasi,T (2442) Austria 2004 1/2-1/2 
(34)}) 16. Qc2 c5 17. dxc5 Nbc4 18. Bc1 Nxe5 19. b4 Nac6 20. Ne4 a6 21. h3 f5
22. Nd6 Nf7 23. Nc4 e5 24. Rde1 Kh7 25. Bb2 Re8 26. Nd4 Nxd4 27. Bxd4 Rad8 28.
Bb2 e4 29. Bxg7 Kxg7 30. f3 Qf6 31. fxe4 Qd4+ 32. Kh2 Rxe4 33. Rxe4 Qxe4 34.
Qxe4 fxe4 35. Kg3 Rd4 36. Na5 g5 37. Kf2 Rd3 38. Re1 Rxa3 39. Rxe4 Kf6 40. Nxb7
Ne5 41. Rd4 Ke7 42. Nd6 Rb3 43. Nc8+ Kf7 44. Nd6+ Ke6 45. Nc4 Nd3+ 46. Kg1 Nf4
47. Rd6+ Ke7 48. Ne5 Rb2 49. Rxa6 Rxg2+ 50. Kf1 Rb2 51. Rxh6 Nd5 52. Rd6 Ne3+
53. Ke1 Nc2+ 54. Kd1 Nxb4 55. Rb6 Kf8 56. Rb8+ Kg7 57. Nc4 Rb3 58. c6 1-0

[Event "74th Tata Steel GMA"]
[Site "Wijk aan Zee NED"]
[Date "2012.01.17"]
[Round "4"]
[White "Caruana, Fabiano"]
[Black "Carlsen, Magnus"]
[Result "1/2-1/2"]
[WhiteElo "2736"]
[BlackElo "2835"]
[PlyCount "67"]
[EventDate "2012.01.14"]

1. e4 e5 2. Nf3 Nc6 3. Bb5 Nf6 4. O-O Nxe4 5. d4 Nd6 6. Bxc6 dxc6 7. dxe5 Nf5
8. Qxd8+ Kxd8 9. Nc3 Ke8 10. h3 Bb4 11. Ne2 Be6 12. Nf4 Bd5 13. Nxd5 cxd5 14.
g4 Ne7 15. Nd4 $146 ({RR} 15. a3 Ba5 16. b4 Bb6 17. Bb2 h5 18. Kg2 Ng6 19. Kg3
c6 20. Rae1 a5 21. gxh5 Rxh5 22. Kg4 Rh8 23. e6 f6 24. h4 axb4 25. axb4 Ra2 26.
Rb1 Ke7 27. h5 Nf8 28. Bd4 Bc7 29. Bc5+ Kxe6 {Ricardi,P (2555)-Scarella,E 
(2330) Villa Ballester 1996 0-1 (57)}) ({RR} 15. Be3 Ba5 16. Nd4 Bb6 17. c3 Kd7
18. f4 Bxd4 19. cxd4 f5 20. Kf2 fxg4 21. hxg4 h5 22. Kg3 hxg4 23. Kxg4 g6 24.
Rh1 Ke6 25. Bf2 Raf8 26. Bh4 Nf5 27. Bf6 Rh5 28. Rxh5 gxh5+ 29. Kxh5 Nxd4 {
Dinger,F (2359)-Sarakauskas,G (2424) Germany 2010 0-1 (49)}) ({RR} 15. Bf4 Ng6
16. Bg3 Nf8 17. Rad1 c6 18. c3 Bc5 19. Ne1 Ne6 20. Nd3 Bb6 21. Kg2 g5 22. f4
gxf4 23. Nxf4 Bd8 24. Nh5 Rg8 25. Rf5 Rc8 26. Bf2 b6 27. Be3 Rc7 28. Ng3 Bh4 {
1/2-1/2 (28) Parma,B-Bisguier,A Zagreb 1965}) 15... Bc5 16. Rd1 h5 17. Kg2 Bxd4
18. Rxd4 c5 19. Rd3 d4 20. b4 cxb4 21. Rxd4 Nc6 22. Rd5 hxg4 23. hxg4 Rd8 24.
Rxd8+ Kxd8 25. Bg5+ Kc7 26. f4 b5 27. Rd1 a6 28. Rd5 Re8 29. Kf3 Rh8 30. Kg2
Re8 31. Bh4 Na5 32. Bf2 Nc4 33. Kf3 g6 34. Bd4 1/2-1/2

[Event "74th Tata Steel GMA"]
[Site "Wijk aan Zee NED"]
[Date "2012.01.17"]
[Round "4"]
[White "Navara, David"]
[Black "Karjakin, Sergey"]
[Result "0-1"]
[WhiteElo "2712"]
[BlackElo "2769"]
[PlyCount "120"]
[EventDate "2012.01.14"]

1. e4 e5 2. Nf3 Nc6 3. Bb5 Nf6 4. O-O Nxe4 5. d4 Nd6 6. Bxc6 dxc6 7. dxe5 Nf5
8. Qxd8+ Kxd8 9. Nc3 Ke8 10. h3 h5 11. Bg5 Be6 12. Rfd1 Be7 13. b3 ({RR} 13. g3
f6 14. exf6 gxf6 15. Bf4 Rc8 16. Kh2 Kf7 17. Rd2 Rcd8 18. Rxd8 Bxd8 19. Rd1 Re8
20. Nd4 Nxd4 21. Rxd4 Bf5 22. Rd2 Be7 23. Nd1 Rd8 24. Rxd8 Bxd8 25. Ne3 Be4 26.
g4 hxg4 27. hxg4 Be7 {Anand,V (2804)-Kramnik,V (2791) London ENG 2010 1/2-1/2 
(39)}) 13... h4 14. Rd3 Rd8 15. Rxd8+ $146 ({RR} 15. Rad1 Rxd3 16. Rxd3 a5 17.
Ne2 Bd5 18. Bxe7 Kxe7 19. Nd2 a4 20. Nf4 axb3 21. axb3 Ra8 22. Nxd5+ cxd5 23.
Rxd5 Ra1+ 24. Kh2 Rd1 25. Rd3 Rc1 26. Rc3 c6 27. Rc4 Ke6 28. Nf3 Rf1 29. Rf4 g6
{Sengupta,D (2572)-Shyam,S (2457) Aurangabad IND 2011 1/2-1/2 (43)}) 15... Bxd8
16. Rd1 Be7 17. Bf4 Rg8 18. Ng5 Bc8 19. Nce4 Rh8 20. c4 b6 21. Nf3 Rh5 22. Kf1
Bd8 23. Nfg5 Be7 24. Nf3 Bd8 25. Nfg5 Be7 26. Rd3 c5 27. Nf3 Bb7 28. Nc3 Bxf3
29. Rxf3 Nd4 30. Rd3 Ne6 31. Bh2 a6 32. f4 c6 33. Kf2 Nd4 34. Ke3 Rh6 35. Ne2
Rg6 36. Nxd4 cxd4+ 37. Kf3 c5 38. g4 hxg3 39. Bxg3 f5 40. exf6 Rxf6 41. b4 Rh6
42. Kg4 Re6 43. Kf3 g6 44. Bf2 Kd7 45. Ra3 cxb4 46. Rd3 Bf6 47. Bxd4 Rd6 48.
Ke3 Bxd4+ 49. Rxd4 Rxd4 50. Kxd4 Kd6 51. Kd3 a5 52. a3 bxa3 53. Kc3 Kc5 54. h4
a2 55. Kb2 Kxc4 56. f5 gxf5 57. h5 f4 58. h6 f3 59. h7 f2 60. h8=Q a1=Q+ 0-1

[Event "74th Tata Steel GMA"]
[Site "Wijk aan Zee NED"]
[Date "2012.01.17"]
[Round "4"]
[White "Ivanchuk, Vassily"]
[Black "Van Wely, Loek"]
[Result "1/2-1/2"]
[WhiteElo "2766"]
[BlackElo "2692"]
[PlyCount "72"]
[EventDate "2012.01.14"]

1. Nf3 Nf6 2. c4 e6 3. d4 d5 4. g3 dxc4 5. Bg2 a6 6. O-O Nc6 7. e3 Bd7 8. Qe2
b5 9. b3 cxb3 10. axb3 Be7 11. Bb2 O-O 12. Rc1 Nb4 13. Ne5 Rc8 14. Na3 $146 ({
RR} 14. Nd3 Nxd3 15. Qxd3 Nd5 16. Bxd5 exd5 17. Rxa6 Bd6 18. Nd2 Qg5 19. Qe2
Ra8 20. Rxa8 Rxa8 21. Qd1 Ra2 22. Ra1 Rxb2 23. Qc1 Rxd2 24. Ra8+ Bf8 25. Qxd2
Qe7 26. Qc3 Bh3 27. Qc5 Qxc5 28. dxc5 b4 {Tilicheev,V (2361)-Vorobiov,E (2570)
Moscow RUS 2011 0-1 (160)}) ({RR} 14. Bb7 Rb8 {1/2-1/2 (18) Sasikiran,K (2664)
-L'Ami,E (2606) Khanty Mansiysk 2009}) 14... c5 15. dxc5 Rxc5 16. Rxc5 Bxc5 17.
Nc2 Nxc2 18. Qxc2 Qb6 19. g4 Rd8 20. g5 Nd5 21. Be4 f5 22. Bxd5 exd5 23. Nxd7
Rxd7 24. Qxf5 Rd8 25. h4 d4 26. Rd1 a5 27. h5 dxe3 28. Rxd8+ Qxd8 29. Qxc5
exf2+ 30. Kg2 f1=Q+ 31. Kxf1 Qd1+ 32. Kg2 Qd2+ 33. Kf3 Qxb2 34. Qxb5 Kf8 35.
Qc4 Ke7 36. Kg4 Qe5 1/2-1/2

[Event "74th Tata Steel GMA"]
[Site "Wijk aan Zee NED"]
[Date "2012.01.17"]
[Round "4"]
[White "Giri, Anish"]
[Black "Nakamura, Hikaru"]
[Result "1/2-1/2"]
[WhiteElo "2714"]
[BlackElo "2759"]
[PlyCount "36"]
[EventDate "2012.01.14"]

1. e4 c5 2. Nf3 d6 3. d4 cxd4 4. Nxd4 Nf6 5. Nc3 g6 6. Be3 Bg7 7. f3 Nc6 8. Qd2
O-O 9. Bc4 Nxd4 10. Bxd4 Be6 11. Bb3 Qa5 12. O-O-O Rfc8 13. Kb1 b5 14. Bxf6
Bxf6 15. Nd5 Qxd2 16. Nxf6+ Kg7 17. Nh5+ gxh5 18. Rxd2 Rc5 $146 ({RR} 18...
Bxb3 19. cxb3 Rc5 20. Rc1 Rac8 21. Rxc5 Rxc5 22. b4 Rg5 23. h4 Rg6 24. Kc2 Kf6
25. Kd3 Ke6 26. Ke3 Kd7 27. Kf2 e6 28. e5 d5 29. Rc2 f6 30. exf6 Rxf6 31. Ke3
a6 32. Rc5 Rg6 33. Kf2 {Rudnev,Y (2159)-Uzhva,A (2244) Voronezh 2007 1/2-1/2 
(40)}) 1/2-1/2

[Event "74th Tata Steel GMA"]
[Site "Wijk aan Zee NED"]
[Date "2012.01.19"]
[Round "5"]
[White "Nakamura, Hikaru"]
[Black "Navara, David"]
[Result "1-0"]
[WhiteElo "2759"]
[BlackElo "2712"]
[PlyCount "67"]
[EventDate "2012.01.14"]

1. c4 e5 2. Nc3 Nf6 3. g3 d5 4. cxd5 Nxd5 5. Bg2 Nb6 6. e3 c5 ({RR} 6... Nc6 7.
Nge2 Be7 8. O-O O-O 9. f4 a5 10. fxe5 Nxe5 11. d4 Ng6 12. b3 c6 13. e4 c5 14.
Be3 cxd4 15. Qxd4 Qxd4 16. Bxd4 Nd7 17. Nd5 Bc5 18. Rac1 b6 19. Bxc5 bxc5 20.
Rfd1 a4 21. Nef4 {Zvjaginsev,V (2663)-Mikhalevski,V (2584) Aix-les-Bains FRA
2011 1-0 (38)}) 7. Nge2 Nc6 8. O-O Be7 9. f4 $146 ({RR} 9. b3 O-O 10. Bb2 Bg4
11. h3 Bf5 12. d4 exd4 13. exd4 cxd4 14. Nb5 d3 15. Ned4 Nxd4 16. Nxd4 Qd7 17.
Nxf5 Qxf5 18. Bxb7 Rad8 19. Bg2 d2 20. Qf3 Qc2 21. Qc3 {1/2-1/2 (21) Heeke,G 
(1801)-Biedekoepper,R (2212) Germany 2004}) 9... exf4 10. Nxf4 O-O 11. b3 Bf5
12. Bb2 Qd7 13. Ne4 Rad8 14. Rf2 Nb4 15. Qf1 Bxe4 16. Bxe4 N6d5 17. Nh5 g6 18.
a3 Na6 19. Bxd5 Qxd5 20. Bf6 Qd6 21. Bxe7 Qxe7 22. Nf6+ Kg7 23. Qc4 Qe5 24.
Raf1 h5 25. Nxh5+ Qxh5 26. Rxf7+ Rxf7 27. Rxf7+ Kh6 28. Qf4+ g5 29. Qf6+ Qg6
30. Qf1 Qh5 31. Rxb7 c4 32. Qf6+ Qg6 33. Qxd8 Qb1+ 34. Kf2 1-0

[Event "74th Tata Steel GMA"]
[Site "Wijk aan Zee NED"]
[Date "2012.01.19"]
[Round "5"]
[White "Karjakin, Sergey"]
[Black "Gelfand, Boris"]
[Result "0-1"]
[WhiteElo "2769"]
[BlackElo "2739"]
[PlyCount "88"]
[EventDate "2012.01.14"]

1. e4 c5 2. Nf3 d6 3. d4 cxd4 4. Nxd4 Nf6 5. Nc3 a6 6. Be3 Ng4 7. Bg5 h6 8. Bh4
g5 9. Bg3 Bg7 10. h3 Ne5 11. f3 Nbc6 12. Bf2 Be6 13. Qd2 Rc8 ({RR} 13... Qa5
14. Nb3 Bxb3 15. cxb3 Nb4 16. a3 Ng6 17. Rd1 Nc6 18. Nd5 Qxd2+ 19. Rxd2 O-O 20.
b4 b5 21. Nc7 Rab8 22. Nxa6 Rb7 23. Rd5 Na7 24. Bxa7 Rxa7 25. Bxb5 Bxb2 26. O-O
Bxa3 27. Rb1 Rc8 28. Bf1 {Leko,P (2725)-Kasparov,G (2851) Linares 2000 1/2-1/2
(37)}) 14. O-O-O ({RR} 14. Nd5 Nxd4 15. Bxd4 Bxd5 16. exd5 Qc7 17. c3 Qa5 18.
Be3 Nc4 19. Bxc4 Rxc4 20. O-O Be5 21. Qd3 Qb5 22. Rac1 Ra4 23. Qxb5+ axb5 24.
a3 Kd7 25. Kf2 Rc8 26. Rcd1 f5 27. Ke2 Rg8 28. Kd3 h5 {Karjakin,S (2776)
-Nakamura,H (2774) Medias ROU 2011 1/2-1/2 (31)}) 14... Nxd4 15. Bxd4 Qa5 16.
Qf2 $146 ({RR} 16. a3 b5 17. Nd5 Qxd2+ 18. Rxd2 Bxd5 19. exd5 O-O 20. c3 Nc4
21. Bxc4 Rxc4 22. Re1 Re8 23. Kc2 Kf8 24. Re4 Bxd4 25. Rdxd4 Rxd4 26. Rxd4 e5
27. dxe6 Rxe6 28. Kd2 Ke7 29. c4 Re5 30. cxb5 Rxb5 {Al Modiahki,M (2581)
-Sandipan,C (2554) Moscow 2005 0-1 (36)}) ({RR} 16. a3 O-O 17. h4 Bc4 18. Qf2
Ng6 19. Bb6 Qe5 20. h5 Nf4 21. g3 Ne6 22. Bxc4 Rxc4 23. Rd5 Rfc8 24. Rxe5 Bxe5
25. Nd5 Kf8 26. b3 R4c6 27. Nb4 Rc3 28. Kb1 a5 29. Nd5 R3c6 30. f4 Bg7 {
Krivovyaz,G-Zhadanov,N (2258) Dubna 2001 1-0 (39)}) 16... Rc6 17. g3 O-O 18. f4
Nd7 19. h4 g4 20. Nd5 Bxd5 21. exd5 Rc5 22. Bxg7 Kxg7 23. Kb1 Rxd5 24. Rxd5
Qxd5 25. Bg2 Qc5 26. Qe2 Nf6 27. Qxe7 b5 28. Qb7 Re8 29. Rc1 Qf2 30. Bd5 Nxd5
31. Qxd5 Re1 32. Qxd6 Qxg3 33. Qd4+ Kg8 34. b3 Rxc1+ 35. Kxc1 Qxh4 36. Kd2 g3
37. Ke3 Qg4 38. Qd8+ Kg7 39. Qd4+ Kg8 40. Qd8+ Kh7 41. Qd3+ Qg6 42. Kf3 g2 43.
Qxg6+ Kxg6 44. Kxg2 b4 0-1

[Event "74th Tata Steel GMA"]
[Site "Wijk aan Zee NED"]
[Date "2012.01.19"]
[Round "5"]
[White "Carlsen, Magnus"]
[Black "Giri, Anish"]
[Result "1/2-1/2"]
[WhiteElo "2835"]
[BlackElo "2714"]
[PlyCount "128"]
[EventDate "2012.01.14"]

1. c4 Nf6 2. Nf3 g6 3. Nc3 Bg7 4. d4 O-O 5. Bg5 d6 6. e3 h6 7. Bh4 g5 8. Bg3
Nh5 9. Nd2 Nxg3 10. hxg3 e6 ({RR} 10... f5 11. Be2 c5 12. dxc5 dxc5 13. Qc2 e6
14. O-O-O Qe7 15. g4 Nc6 16. gxf5 exf5 17. Nd5 Qf7 18. Bh5 Qd7 19. Nb3 Qd8 20.
a3 b6 21. g3 Rb8 22. f4 Na5 23. Bf3 g4 24. Bg2 Bd7 25. Nc3 {Nyzhnyk,I (2494)
-Schebler,G (2485) Schwaebisch Gmuend 2010 1-0 (38)}) ({RR} 10... Bf5 11. g4
Bg6 12. Nde4 Nc6 13. Bd3 a6 14. Ng3 e6 15. Qb1 Bxd3 16. Qxd3 Qf6 17. Nh5 Qg6
18. Qxg6 fxg6 19. Nxg7 Kxg7 20. Ke2 Ne7 21. b4 Ng8 22. d5 e5 23. Ne4 Nf6 24.
Nxf6 Rxf6 25. c5 {Georgescu,T (2404)-Melander,J (1934) Stockholm 2010 1-0 (54)}
) 11. Qc2 Qe7 $146 ({RR} 11... f5 12. O-O-O Nd7 13. f4 g4 14. e4 Bxd4 15. Rxh6
Bg7 16. Rxe6 Nc5 17. Rg6 fxe4 18. Ndxe4 Bf5 19. Rg5 Qe8 20. Bd3 Nxd3+ 21. Qxd3
Qe6 22. Qd5 Rae8 23. Nf2 Qxd5 24. cxd5 Rf7 25. Nxg4 Kf8 26. Kd2 {Moran Nuque,A
(2392)-Mamedov,N (2403) Istanbul 2000 1-0}) ({RR} 11... c5 12. d5 exd5 13. cxd5
Na6 14. Bxa6 bxa6 15. O-O Rb8 16. Nc4 a5 17. Ne4 Bf5 18. f3 Re8 19. Qf2 Bf8 20.
Rac1 a4 21. Qc2 Rb4 22. a3 Rb3 23. Ncd2 Rb7 24. Qxa4 Bd7 25. Qc2 f5 26. Nc3 {
Hera,I (2526)-Talla,V (2430) Chotowa 2007 1/2-1/2 (46)}) ({RR} 11... c5 12. d5
exd5 13. Nxd5 Nc6 14. Be2 f5 15. O-O Be6 16. Rad1 {1/2-1/2 (16) Knezevic,M 
(2390)-Poldauf,D (2385) Podolsk 1991}) 12. Be2 a6 13. f4 f5 14. O-O-O c5 15. d5
e5 16. Rh5 exf4 17. gxf4 gxf4 18. exf4 Nd7 19. Bd3 Nf6 20. Rhh1 Ng4 21. Rde1
Qf6 22. Re2 Qd4 23. Na4 Ne3 24. Rxe3 Qxe3 25. Nb6 Rb8 26. Rf1 Re8 27. Kb1 Qd4
28. Nb3 Qf6 29. Nc1 Re7 30. Nxc8 Rxc8 31. Bxf5 Rce8 32. Be6+ Rxe6 33. dxe6 Qxe6
34. Rf2 Qe4 35. Re2 Qxc2+ 36. Kxc2 Rf8 37. Nd3 b5 38. b3 Kf7 39. Nf2 Rd8 40.
Ne4 d5 41. Nxc5 dxc4 42. Nxa6 Ra8 43. Nb4 Bf8 44. Kc3 Bg7+ 45. Kc2 Bf8 46. Kc3
Bg7+ 47. Kd2 Bf8 48. Nc2 Rxa2 49. bxc4 bxc4 50. Re4 Ra4 51. Ke2 Bc5 52. Kf3 Kf6
53. g4 Kf7 54. f5 Be7 55. Ne3 Ra3 56. Rxc4 Bg5 57. Re4 Kf6 58. Re8 Rxe3+ 59.
Rxe3 Bxe3 60. Kxe3 h5 61. gxh5 Kxf5 62. h6 Kg6 63. h7 Kg7 64. Ke2 Kxh7 1/2-1/2

[Event "74th Tata Steel GMA"]
[Site "Wijk aan Zee NED"]
[Date "2012.01.19"]
[Round "5"]
[White "Van Wely, Loek"]
[Black "Aronian, Levon"]
[Result "1/2-1/2"]
[WhiteElo "2692"]
[BlackElo "2805"]
[PlyCount "62"]
[EventDate "2012.01.14"]

1. d4 d5 2. c4 e6 3. Nc3 Be7 4. Nf3 Nf6 5. Bf4 O-O 6. e3 Nbd7 7. c5 c6 8. Bd3
b6 9. b4 a5 10. a3 Ba6 11. O-O Qc8 12. h3 h6 13. Rb1 axb4 14. axb4 Bxd3 15.
Qxd3 Qb7 16. Rfc1 Ra3 17. Qc2 Rfa8 18. Nd2 bxc5 $146 ({RR} 18... Bd8 19. Rb2
Ra1 20. Rxa1 Rxa1+ 21. Rb1 {1/2-1/2 (22) Martinovic,S (2483)-Prohaszka,P (2511)
Rogaska Slatina 2009}) ({RR} 18... Bd8 19. Nb3 bxc5 20. bxc5 {1/2-1/2 (20)
Ibrahimov,R (2511)-Iordachescu,V (2609) Dubai 2005}) 19. bxc5 Qc8 20. Rb3 Rxb3
21. Nxb3 Bd8 22. Rb1 Bc7 23. Bxc7 Qxc7 24. Ra1 Rxa1+ 25. Nxa1 Qa5 26. Nb3 Qb4
27. Nc1 e5 28. Nd3 Qc4 29. Nb2 Qb4 30. Nd3 Qc4 31. Nb2 Qb4 1/2-1/2

[Event "74th Tata Steel GMA"]
[Site "Wijk aan Zee NED"]
[Date "2012.01.19"]
[Round "5"]
[White "Kamsky, Gata"]
[Black "Caruana, Fabiano"]
[Result "1/2-1/2"]
[WhiteElo "2732"]
[BlackElo "2736"]
[PlyCount "168"]
[EventDate "2012.01.14"]

1. e4 e5 2. Nf3 Nc6 3. Bb5 a6 4. Ba4 Nf6 5. O-O b5 6. Bb3 Bc5 7. a4 Rb8 8. Nxe5
Nxe5 9. d4 Bxd4 10. Qxd4 d6 11. Bf4 ({RR} 11. f4 Nc6 12. Qc3 Ne7 13. f5 O-O 14.
Qe1 Bb7 15. Qh4 Nxe4 16. Nc3 Nxc3 17. bxc3 Bd5 18. f6 Ng6 19. Qh5 Bxb3 20. cxb3
Re8 21. fxg7 Re5 22. Qf3 Qd7 23. axb5 axb5 24. Bd2 Qe6 25. Rf2 Kxg7 {Salgado
Lopez,I (2621)-Kasimdzhanov,R (2675) Melilla ESP 2011 0-1 (40)}) ({RR} 11. f4
Nc6 12. Qc3 Ne7 13. Qd3 O-O 14. Nc3 c5 15. axb5 axb5 16. Nxb5 Nxe4 17. Qxe4
Rxb5 18. Ra7 Bd7 19. Qd3 Rb6 20. f5 d5 21. f6 Rxf6 22. Rxf6 gxf6 23. Bh6 Re8
24. Ba4 Bxa4 25. Rxe7 Bxc2 {Svidler,P (2734)-Caruana,F (2697) Amsterdam 2010 1/
2-1/2 (41)}) 11... O-O 12. f3 $146 ({RR} 12. Nc3 c5 13. Qe3 c4 14. Ba2 Qb6 15.
Qxb6 Rxb6 16. Be3 Rb7 17. axb5 axb5 18. Rad1 b4 19. Nd5 Nxe4 20. f4 b3 21. cxb3
Ng4 22. Bb1 Nxe3 23. Nxe3 Rxb3 24. Nxc4 Rb4 25. Bxe4 Rxc4 26. Rfe1 Rb4 {
Kryvoruchko,Y (2609)-Kritz,L (2618) Peristeri 2010 1/2-1/2}) 12... c5 13. Qe3
c4 14. Ba2 Ng6 15. Bg3 Nh5 16. Nc3 Nxg3 17. hxg3 Ne5 18. Rfd1 Be6 19. axb5 axb5
20. Bb1 Qc7 21. Ra7 Qc6 22. Ne2 Ra8 23. c3 h6 24. Nf4 Rxa7 25. Qxa7 Ra8 26. Qe7
Qb6+ 27. Kh1 Nc6 28. Qh4 Bd7 29. e5 Nxe5 30. Nd5 Qd8 31. Qe4 Ng6 32. Nf4 Nxf4
33. Qh7+ Kf8 34. gxf4 Qh4+ 35. Kg1 Re8 36. Qh8+ Ke7 37. Qxg7 Qxf4 38. Be4 Be6
39. Qd4 Qe5 40. Qa7+ Kf6 41. Qb6 Qc5+ 42. Qxc5 dxc5 43. Rd6 b4 44. f4 Ke7 45.
Rc6 f5 46. Bf3 Rd8 47. Rxc5 bxc3 48. bxc3 Rd3 49. Kf2 Rxc3 50. Ke2 Ra3 51. Rc7+
Kd6 52. Rc6+ Kd7 53. Rc5 Rb3 54. Kd2 Rd3+ 55. Ke2 Ra3 56. Kd2 h5 57. Bxh5 Kd6
58. Re5 Ra2+ 59. Kc3 Rxg2 60. Be2 Rf2 61. Bxc4 Bxc4 62. Rxf5 Bd5 63. Kd4 Rd2+
64. Ke3 Ra2 65. Rf8 Ra3+ 66. Kd4 Ra4+ 67. Ke3 Bc6 68. Rf5 Bd5 69. Rf8 Kc5 70.
f5 Re4+ 71. Kf2 Kd6 72. Rd8+ Kc5 73. Kg3 Ra4 74. f6 Ra6 75. Rf8 Kd4 76. Kf4 Ra1
77. Re8 Kc5 78. Rd8 Kc6 79. Kg5 Rg1+ 80. Kh6 Be6 81. Ra8 Kd6 82. Ra7 Ke5 83. f7
Rf1 84. Kg7 Rxf7+ 1/2-1/2

[Event "74th Tata Steel GMA"]
[Site "Wijk aan Zee NED"]
[Date "2012.01.19"]
[Round "5"]
[White "Radjabov, Teimour"]
[Black "Topalov, Veselin"]
[Result "1/2-1/2"]
[WhiteElo "2773"]
[BlackElo "2770"]
[PlyCount "55"]
[EventDate "2012.01.14"]

1. d4 {Dautov Dautov} Nf6 2. c4 e6 3. Nf3 d5 4. Nc3 Be7 5. Bf4 O-O 6. e3 Nbd7
7. a3 c5 8. cxd5 Nxd5 9. Nxd5 exd5 10. dxc5 Nxc5 11. Be5 Bf6 12. Be2 ({RR} 12.
Bxf6 Qxf6 13. Qd4 ({RR} 13. Rc1 Ne6 14. Rc2 Rd8 15. Rd2 d4 16. Nxd4 Nxd4 17.
Rxd4 Be6 18. Be2 Rxd4 19. Qxd4 Qxd4 20. exd4 Rd8 21. Bf3 b6) 13... Qxd4 14.
Nxd4 Bd7 ({RR} 14... Ne6 15. Be2 ({RR} 15. Rd1) 15... Nxd4 16. exd4 Be6 17. Kd2
) 15. f3 ({RR} 15. Be2 Rac8 16. O-O Ne6) ({RR} 15. Kd2 Ne4+) 15... Rfc8 16. Kd2
Ne6 17. Bd3 Nxd4 18. exd4 f6 19. h4 g6 20. Rac1 Kf7 21. Rc5 b6 22. Rxc8 ({RR} 
22. Rxd5 Ke6 23. Be4 Bc6) 22... Rxc8 23. h5 Kg7 24. f4 Bf5 {1/2-1/2 (24)
Kasparov,G (2838)-Kramnik,V (2802) Moscow 2001 CBM 087 [Dautov]}) 12... Bxe5 ({
RR} 12... Bg4) 13. Nxe5 Qd6 ({RR} 13... Be6 14. Nf3 ({RR} 14. O-O d4 ({RR} 
14... Qf6) 15. Qxd4 Qxd4 16. exd4 Nb3 17. Rad1 Rfd8 18. Bf3) 14... Qb6 15. Qd4
Nb3 16. Qxb6 axb6 17. Rd1 Rfc8 18. Bd3 Nc5 19. Bc2 b5 20. Nd4) ({RR} 13... Re8
14. Nf3 Qb6 15. Rc1 Ne6 16. Qd2 Rd8 17. Nd4 Nxd4 18. Qxd4 Qxd4 19. exd4 Be6 20.
Rc7 Rdc8 21. Rxb7 Rc1+ 22. Bd1 Rc4) ({RR} 13... Be6 14. Nf3 Qb6 15. Qd4 Nb3 16.
Qxb6 axb6 17. Rd1) 14. Nf3 Bd7 $146 ({RR} 14... Bg4 15. Nd4 ({RR} 15. O-O Rad8
({RR} 15... Bxf3 16. Bxf3 Rad8 17. Rc1 Ne6 18. Qb3) 16. Nd4 Bxe2 17. Qxe2 Ne6
18. Rfd1) 15... Bxe2 16. Qxe2 Rac8 ({RR} 16... Ne6 17. Rd1) ({RR} 16... Qb6 17.
O-O a5 18. Rfd1 Rfd8) 17. O-O a6 18. Rfd1 g6 19. h4 Rc7 ({RR} 19... h5 20. Qf3
Ne4 21. Rac1 Kg7) 20. Rac1 Rfc8 21. h5 Qe5 ({RR} 21... Ne4 22. Rxc7 Rxc7 23.
Qf3 ({RR} 23. Qg4 Nf6) 23... Qe5 24. h6 Qg5 25. Qh3 Qf6) 22. Qg4 Kg7 ({RR} 
22... Ne4 23. Qxc8+ Rxc8 24. Rxc8+ Kg7 25. hxg6 hxg6 26. b4) ({RR} 22... Ne6
23. Rxc7 Rxc7 24. Nxe6 Qxe6 25. Qf4) ({RR} 22... Qxh5 23. Qxh5 gxh5 24. Nf5)
23. Qh4 Kf8 24. h6 f6 25. Nf3 Qe6 ({RR} 25... Qxb2 26. Rb1 Qc3 27. Rdc1 ({RR} 
27. Rxd5) 27... g5 ({RR} 27... Qxa3 28. Qxf6+ Kg8 29. Ng5) 28. Qg3 Qxa3 29.
Qd6+ Kf7 30. Qxd5+ Kg6 31. Qd6) 26. Qf4 Qe7 ({RR} 26... Qf7 27. Qd6+) 27. Rxd5
Ne6 28. Rxc7 Rxc7 29. Qe4 {Khenkin,I (2610)-Rustemov,A (2573) Sochi 2005 CBM
107 [Dautov] 1-0 (41)}) ({RR} 14... Bg4 15. O-O Bxf3 16. Bxf3 Rad8 17. Rc1 b6
18. b4 Ne6 19. Qa4 Qe7 20. Rfe1 d4 21. exd4 Rxd4 22. Rcd1 Rfd8 23. Rxd4 Rxd4
24. g3 g6 25. Qc6 Kg7 26. h4 Qf6 27. Qc3 Rd6 28. Qxf6+ Kxf6 29. Re3 {Pavlidis,
A (2352)-Mastrovasilis,A (2530) Chania GRE 2011 0-1 (50)}) 15. O-O Ba4 16. Qd4
Rac8 17. Qb4 b6 18. Rac1 Bd7 19. Rfd1 Ba4 20. Re1 Bd7 21. Qh4 h6 22. Nd4 a5 23.
Red1 Rfe8 24. Qg3 Qf6 25. Qf3 Qe5 26. Qg3 Qf6 27. Qf3 Qe5 28. Qg3 1/2-1/2

[Event "74th Tata Steel GMA"]
[Site "Wijk aan Zee NED"]
[Date "2012.01.19"]
[Round "5"]
[White "Gashimov, Vugar"]
[Black "Ivanchuk, Vassily"]
[Result "0-1"]
[WhiteElo "2761"]
[BlackElo "2766"]
[PlyCount "70"]
[EventDate "2012.01.14"]

1. e4 g6 2. d4 d6 3. Nc3 Nf6 4. Bg5 Bg7 5. e5 Nfd7 6. f4 O-O 7. Nf3 Nb6 8. Be2
Nc6 9. O-O f6 10. exf6 exf6 11. Bh4 d5 12. Ne1 $146 ({RR} 12. a4 a5 13. Re1 Ne7
14. Bd3 c6 15. Qe2 Nf5 16. Bf2 Qd6 17. Nh4 Nxh4 18. Bxh4 Qxf4 19. Bg3 Qg4 20.
Qe7 Bd7 21. Qc5 Nc8 22. Nxd5 cxd5 23. Qxd5+ Kh8 24. Re4 Qf5 25. Re5 fxe5 26.
Bxf5 Bc6 {Garcia Guerrero,I (2156)-Tristan,L (2412) Montevideo 2009 0-1 (47)})
12... Ne7 13. g4 Nc4 14. Bxc4 dxc4 15. Ng2 b5 16. Nxb5 Rb8 17. Nc3 Rxb2 18. Na4
Rb4 19. Nc5 c3 20. Qe2 Nc6 21. a3 Re8 22. Qxe8+ Qxe8 23. axb4 Bxg4 24. Bf2 Qd8
25. Nb3 Nxb4 26. Rxa7 Nxc2 27. Rc1 Qb8 28. Ra2 Nb4 29. Ra4 Nd5 30. Nc5 Bf8 31.
Rca1 c2 32. Nd3 Qb5 33. Nc1 Bh3 34. Ra5 Qc4 35. R1a4 Qc3 0-1